000 nam a22 7a 4500
999 _c54265
_d54265
003 OSt
005 20220729163624.0
008 220729b xxu||||| |||| 00| 0 eng d
040 _cIIMT UNIVERSITY,MEERUT
100 _aDR. ASHA
245 _aBAL NIRMAN KI KAHANI (BHAG-11)
260 _aYUG NIRMAN YOGNA
_bMATHURA
_c2011
300 _a63
942 _2ddc
_c09